000 00976naa a2200265 c 4500
001 43361
003 ES-MaCES
005 20150925133437.0
008 121011n2012 sp t 000 | spa d
035 _aCES20120009739v
040 _aES-MaCES
_bspa
_cES-MaCES
100 1 _aYsàs Molinero, Helena
_926458
245 1 0 _aRepresentación de los trabajadores en la empresa y negociación colectiva
_b: el caso francés
_cHelena Ysàs Molinero
650 4 _aFrancia
_926943
650 4 _aagente de negociación
_929450
650 4 _aconvenio colectivo
_928361
650 4 _anegociación colectiva
_928362
650 4 _arepresentación de los trabajadores
_928379
653 1 0 _aRelaciones laborales-Empleo
650 4 _928178
_aempresa
773 0 _tRevista de derecho social
_gn. 58 (abr.-jun. 2012){10693 R. 081872}; p. 205-220
_w(ES-MaCES)25695
_968770
902 _aART Artículo de revista
942 _2CES
_cAR
_h2.0.
999 _c43361
_d43361